000 01992cam a2200481 i 4500
001 xx004714459
003 NUKAT
005 20260401144700.0
008 191004s2019 pl g |001 0dpol c
020 _a9788380986923
_q(oprawa twarda) :
_czł 50,00
035 _a(OCoLC)1126629987
035 _a(NUKAT)xx004714459
040 _aSIEDL 001/EC
_bpol
_erda
_cSIEDL 001/EC
_dWR U/bjs
_dSZCZ U/AB
_dWA 14/MBs
_dOLSZT 008/bak
045 2 _bd1901
_bd2000
046 _k2019
245 0 0 _aAntykomunizm Polaków w XX wieku /
_credakcja naukowa Piotr Kardela i Karol Sacewicz.
260 _aBiałystok ;
_aOlsztyn ;
_aWarszawa :
_bInstytut Pamięci Narodowej. Oddział w Białymstoku,
_c2019.
300 _a862, [1] strona ;
_c22 cm.
336 _aTekst
_btxt
_2rdacontent
337 _aBez urządzenia pośredniczącego
_bn
_2rdamedia
338 _aWolumin
_bnc
_2rdacarrier
380 _aKsiążki
380 _aPublikacje naukowe
388 1 _a2001-
490 1 _aSeria Wydawnicza Oddziału Instytutu Pamięci Narodowej w Białymstoku ;
_vt. 44
504 _aBibliografia, netografia na stronach 755-818. Indeks.
648 7 _a1901-2000
_2DBN
_934996
650 7 _aAntykomunizm
_2DBN
_939401
650 7 _aPolacy
_2DBN
_935100
650 7 _aPolacy za granicą
_2DBN
_935953
650 7 _aRuchy antykomunistyczne
_zPolska
_y20 w.
_2kaba
_939402
651 7 _aPolska
_2DBN
_935076
651 7 _aŚwiat
_2DBN
_939403
655 7 _aPraca zbiorowa
_2DBN
_935107
658 _aHistoria
658 _aPolityka, politologia, administracja publiczna
700 1 _aKardela, Piotr
_d(1968- ).
_eRedakcja
_916267
700 1 _aSacewicz, Karol
_d(1978- ).
_eRedakcja
_916268
710 2 _aInstytut Pamięci Narodowej - Komisja Ścigania Zbrodni przeciwko Narodowi Polskiemu.
_bOddział (Białystok).
_eWydawca
_4pbl
_913118
830 0 _aSeria Wydawnicza Oddziału Instytutu Pamięci Narodowej w Białymstoku
_vt. 44
_913120
920 _a978-83-8098-692-3 (oprawa twarda) : zł 50,00
942 _2ddc
_cBK_NM
999 _c27412
_d27412